الإمام الألوسي شهاب الدين الألوسي أبو الثناء محمود عبد الله بن محمود بن درويش الحسيني الألوسي شهاب الدين / (رقم التسجيلة. 22571)

تفاصيل مارك
000 -LEADER
fixed length control field 00703nam a22001817a 4500
005 - DATE AND TIME OF LATEST TRANSACTION
control field 20251108165225.0
008 - FIXED-LENGTH DATA ELEMENTS--GENERAL INFORMATION
fixed length control field 250721s1986 xx 000 0 ara d
082 14 - DEWEY DECIMAL CLASSIFICATION NUMBER
Classification number ط/922.1/آل
100 1# - MAIN ENTRY--PERSONAL NAME
Personal name علي، علي يوسف
245 10 - TITLE STATEMENT
Title الإمام الألوسي شهاب الدين الألوسي أبو الثناء محمود عبد الله بن محمود بن درويش الحسيني الألوسي شهاب الدين /
264 1# - PRODUCTION, PUBLICATION, DISTRIBUTION, MANUFACTURE, AND COPYRIGHT NOTICE
Place of production, publication, distribution, manufacture بيروت :
Name of producer, publisher, distributor, manufacturer دار الجيل،
Date of production, publication, distribution, manufacture, or copyright notice 1986.
300 ## - PHYSICAL DESCRIPTION
Extent 23ص
490 0# - SERIES STATEMENT
Series statement مع الخالدين للشباب ؛3
650 17 - SUBJECT ADDED ENTRY--TOPICAL TERM
Topical term or geographic name as entry element الألوسي؛شهاب الدين
653 ## - INDEX TERM--UNCONTROLLED
Uncontrolled term ناشئون صغار (10-14) سنة
942 ## - ADDED ENTRY ELEMENTS (KOHA)
Source of classification or shelving scheme Dewey Decimal Classification
Koha item type كتب
المقتنيات
حالة السحب حالة الفقدان مصدر التصنيف حالة التلف غير قابل للإعارة المكتبة الرئيسية المكتبة الحالية موقع الرف تاريخ التزويد الرقم المتسلسل Total Checkouts رقم الإستدعاء تاريخ آخر ظهور تاريخ الفاتورة نوع المادة (كوها) الباركود
    Dewey Decimal Classification Unchecked   مكتبة الحسن العامة مكتبة الحسن العامة الإعارة 06/07/2004 2187   ط/922.1/آل 28/07/2025 06/07/2004 كتب  
    Dewey Decimal Classification     مكتبة الراية الهاشمية للأطفال مكتبة الراية الهاشمية للأطفال الأطفال 27/10/2015 295623   ط/922.1/آل 28/07/2025 27/10/2015 كتب PLD00360187
    Dewey Decimal Classification     مكتبة بدر للأطفال مكتبة بدر للأطفال الأطفال 09/08/2022 268407   ط/922.1/آل 28/07/2025 09/08/2022 كتب PLD00498390
Implemented & Customized by: BBB with SCIT (Smart Chains for Information Technology)

Powered by Koha